000 00428nam a22001697a 4500
003 SGT
020 _a9789356961319
082 _a615.8
_bT25K
100 _aKISNER, COROLYN
245 _aTHERAPEUTIC EXERCIESE FOUNDATION AND TECHNIQUES
250 _a8TH
260 _aINDIA
_bJAYPEE PUB
_c2025
300 _a1124
650 _aSPORT SCIENCE
653 _aTHERAPEUTIC EXERCIESE FOUNDATION AND TECHNIQUES
942 _2ddc
_cBK
999 _c33177
_d33177